Detalles MARC
| 000 -CABECERA |
| campo de control de longitud fija |
01203nam a2200265 a 4500 |
| 003 - IDENTIFICADOR DEL NÚMERO DE CONTROL |
| campo de control |
DO-SdBNP |
| 005 - FECHA Y HORA DE LA ÚLTIMA TRANSACCIÓN |
| campo de control |
20220920134514.0 |
| 007 - CAMPO FIJO DE DESCRIPCIÓN FÍSICA--INFORMACIÓN GENERAL |
| campo de control de longitud fija |
ta |
| 008 - DATOS DE LONGITUD FIJA--INFORMACIÓN GENERAL |
| campo de control de longitud fija |
220916e2015 dr a|||grf|||s001 0 spa d |
| 040 ## - FUENTE DE LA CATALOGACIÓN |
| Centro catalogador/agencia de origen |
DO-SdBNP |
| Lengua de catalogación |
spa |
| Centro/agencia transcriptor |
BNPHU |
| 082 #4 - NÚMERO DE LA CLASIFICACIÓN DECIMAL DEWEY |
| Número de edición |
22 |
| Número de documento/Ítem |
M665a |
| 110 1# - ENTRADA PRINCIPAL--NOMBRE DE ENTIDAD CORPORATIVA |
| 9 (RLIN) |
59760 |
| Nombre de entidad corporativa o nombre de jurisdicción como elemento de entrada |
Ministerio de Agricultura e Inmigración (República Dominicana) |
| 245 10 - MENCIÓN DE TÍTULO |
| Título |
Manual de inducción. / |
| Mención de responsabilidad, etc. |
Elaboración, Daysi Jaqueline Torres; Edición de textos, Arismendy Rodríguez, Rayka E. Mena |
| 260 ## - PUBLICACIÓN, DISTRIBUCIÓN, ETC. |
| Lugar de publicación, distribución, etc. |
Santo Domingo : |
| Nombre del editor, distribuidor, etc. |
Ministerio de Agricultura, |
| Fecha de publicación, distribución, etc. |
2015 |
| 300 ## - DESCRIPCIÓN FÍSICA |
| Extensión |
46 p. : |
| Otras características físicas |
il. ; |
| Dimensiones |
22 cm. |
| 505 ## - NOTA DE CONTENIDO CON FORMATO |
| Título |
Quienes somos.-- |
| -- |
Consideraciones generales.-- |
| -- |
Derechos de los servidores públicos.-- |
| -- |
Deberes de los servidores públicos.-- |
| -- |
Condiciones de trabajo |
| -- |
Prestaciones sociales.-- |
| -- |
Beneficios que ofrece el Ministerio de Agricultura.-- |
| -- |
Informaciones generales. |
| 590 ## - NOTA LOCAL (RLIN) |
| Nota local |
Inventariado 2022 / MF |
| 650 #4 - PUNTO DE ACCESO ADICIONAL DE MATERIA--TÉRMINO DE MATERIA |
| 9 (RLIN) |
24087 |
| Término de materia o nombre geográfico como elemento de entrada |
Manuales |
| Subdivisión geográfica |
República Dominicana |
| 651 #4 - PUNTO DE ACCESO ADICIONAL DE MATERIA--NOMBRE GEOGRÁFICO |
| 9 (RLIN) |
51796 |
| Nombre geográfico |
Ministerio de Agricultura |
| Subdivisión general |
Manuales |
| Subdivisión geográfica |
República Dominicana |
| 700 1# - PUNTO DE ACCESO ADICIONAL--NOMBRE DE PERSONA |
| Nombre de persona |
Torres, Daysi Jaqueline |
| 9 (RLIN) |
82394 |
| 700 1# - PUNTO DE ACCESO ADICIONAL--NOMBRE DE PERSONA |
| 9 (RLIN) |
61816 |
| Nombre de persona |
Rodríguez, Arismendy |
| Término indicativo de función/relación |
texto |
| 700 1# - PUNTO DE ACCESO ADICIONAL--NOMBRE DE PERSONA |
| Nombre de persona |
Mena, Rayka E. |
| 9 (RLIN) |
82395 |
| 910 ## - DATOS DE OPCIÓN DEL USUARIO (OCLC) |
| Datos de opción del usuario |
MFeliz |
| 942 ## - ELEMENTOS DE PUNTO DE ACCESO ADICIONAL (KOHA) |
| Fuente del sistema de clasificación o colocación |
Dewey Decimal Classification |
| Tipo de ítem Koha |
Libro |